000
00297nam a2200109Ia 4500
008
171211s9999 xx 000 0 und d
245
_a
Introducing Linux Distros
245
_c
Jose Dieguez Castro
260
_c
2016
650
_x
SOFTWARE
856
_u
http://down.ebook777.com/064/9781484213933.pdf
999
_c
349298
_d
349298